Countries with 4 letters - Statistics

General Stats
  • This quiz has been taken 80 times
  • The average score is 9 of 10
Answer Stats
Continent Answer % Correct
South America Peru
96%
Asia Oman
92%
Oceania Fiji
90%
Africa Mali
90%
North America Cuba
88%
Asia Iran
88%
Asia Iraq
88%
Africa Chad
84%
Asia Laos
82%
Africa Togo
81%
No matching quizzes found
Score Distribution
Percent of People with Each Score
Percentile by Number Answered
Your Score History
You have not taken this quiz